000 00615nam a2200217 i 4500
001 13089
003 ES-MaACL
005 20230906150504.0
007 t|
008 921016s1992 sp ||||0| spa d
016 7 _zCHM920007575
020 _a84-86879-31-0
040 _aCHM
_bspa
_cCHM
080 _a726.7(460.27 Escorial)
100 1 _aYanko, Aroní.
_9117559
245 1 3 _aEl Escorial esotérico y hermético /
_cAroní Yanko.
260 _aMadrid :
_bKaydeda,
_cD.L. 1992.
300 _a174 p. :
_bil. ;
_c21 cm.
610 2 _aMonasterio de El Escorial.
_95729
852 _aES-MaACL
_jL-20400
_bR.122129
999 _c13089
_d13089